[Event "Gibtelecom ChallWk2 6th"]
[Site "Gibraltar"]
[Date "2008.01.28"]
[Round "2.16"]
[White "Jorgensen, Line Jin"]
[Black "Arnott, Jonathan W"]
[Result "0-1"]
[WhiteElo "1867"]
[BlackElo "2117"]
[PlyCount "84"]
[EventDate "2008.01.27"]
[EventType "swiss"]
[EventRounds "5"]
[EventCountry "GGB"]
[SourceTitle "BritBase"]
[Source "www.saund.co.uk"]
[SourceDate "2018.02.10"]
[SourceVersion "1"]
[SourceVersionDate "2018.02.10"]
[SourceQuality "1"]

1. c4 c6 2. d4 d5 3. Nc3 Nf6 4. Bg5 dxc4 5. a4 Nd5 6. e3 Nxc3 7. bxc3 Qa5 8. f4
h6 9. Bh4 Qxc3+ 10. Kf2 Qb2+ 11. Ne2 Bf5 12. Kg1 c3 13. Qc1 Qxc1 14. Rxc1 c2
15. Nc3 e5 16. e4 exd4 17. exf5 dxc3 18. Re1+ Kd7 19. Bd3 Na6 20. Bxc2 Nb4 21.
Bb3 Bc5+ 22. Kf1 c2 23. Ke2 f6 24. Kd2 Kc7 25. Kc3 Rad8 26. Bxc2 Nxc2 27. Kxc2
Rd4 28. Bf2 Rxa4 29. Bxc5 Rc4+ 30. Kb3 Rxc5 31. Re7+ Kb6 32. Rxg7 Rxf5 33. Kc3
Rc5+ 34. Kd4 Rd8+ 35. Ke4 f5+ 36. Ke3 a5 37. Rb1+ Rb5 38. Rxb5+ cxb5 39. Rg6+
Kc5 40. Rxh6 a4 41. Rh5 a3 42. Rxf5+ Kb4 0-1

[Event "Gibtelecom ChallWk2 6th"]
[Site "Gibraltar"]
[Date "2008.01.28"]
[Round "2.17"]
[White "Whitfield, Craig M"]
[Black "Fellousi, Abdelaziz"]
[Result "0-1"]
[WhiteElo "1728"]
[BlackElo "2110"]
[PlyCount "82"]
[EventDate "2008.01.27"]
[EventType "swiss"]
[EventRounds "5"]
[EventCountry "GGB"]
[SourceTitle "BritBase"]
[Source "www.saund.co.uk"]
[SourceDate "2018.02.10"]
[SourceVersion "1"]
[SourceVersionDate "2018.02.10"]
[SourceQuality "1"]

1. e4 c5 2. Nf3 d6 3. d4 cxd4 4. Nxd4 Nf6 5. Nc3 a6 6. Bg5 Nbd7 7. f4 Qc7 8.
Qf3 e6 9. O-O-O Be7 10. Bd3 h6 11. Bh4 g5 12. fxg5 Ne5 13. Qe2 Nfg4 14. Nf3 Ng6
15. Bg3 hxg5 16. Kb1 N4e5 17. Rhf1 Bd7 18. Nxe5 dxe5 19. Qf2 Nf4 20. Bxf4 gxf4
21. g3 Bc5 22. Qf3 Be3 23. h4 O-O-O 24. Ne2 Ba4 25. b3 Be8 26. gxf4 exf4 27.
Nxf4 Bd4 28. c3 Be5 29. Ng2 Kb8 30. Rc1 Rg8 31. Rfd1 Rg3 32. Qe2 Bc6 33. Rc2 f5
34. Ne3 Rxd3 35. Rxd3 Bxe4 36. h5 f4 37. h6 Rxe3 38. Rxe3 fxe3 39. Qxe3 Qxc3
40. Qxc3 Bxc3 41. h7 Bxh7 0-1

[Event "Gibtelecom ChallWk2 6th"]
[Site "Gibraltar"]
[Date "2008.01.28"]
[Round "2.18"]
[White "Ungureanu, Sandu"]
[Black "Gravett, Alan D"]
[Result "1/2-1/2"]
[WhiteElo "2137"]
[BlackElo "1869"]
[PlyCount "96"]
[EventDate "2008.01.27"]
[EventType "swiss"]
[EventRounds "5"]
[EventCountry "GGB"]
[SourceTitle "BritBase"]
[Source "www.saund.co.uk"]
[SourceDate "2018.02.10"]
[SourceVersion "1"]
[SourceVersionDate "2018.02.10"]
[SourceQuality "1"]

1. e4 c5 2. Nf3 Nf6 3. Nc3 d5 4. exd5 Nxd5 5. Bb5+ Bd7 6. Bc4 Nxc3 7. dxc3 e6
8. Bf4 Nc6 9. O-O Be7 10. Qe2 g5 11. Be5 Bf6 12. Rfd1 g4 13. Rxd7 Qxd7 14. Bxf6
gxf3 15. Qxf3 Rg8 16. Rd1 Qc7 17. Bh4 a6 18. Qh5 Qe5 19. Qxe5 Nxe5 20. Be2 Ng6
21. Bf6 Nf4 22. Bf3 Rg6 23. Be5 Nd5 24. c4 Rg5 25. Bg3 Ne7 26. Bxb7 Ra7 27. Bf3
Rd7 28. Kf1 Rxd1+ 29. Bxd1 e5 30. h4 Rg6 31. Bxe5 Re6 32. Bg3 Nf5 33. Bg4 Nxg3+
34. fxg3 Rb6 35. b3 Rg6 36. Bf5 Rxg3 37. Bxh7 Rg4 38. Bd3 Rxh4 39. Ke2 Kd8 40.
Kf3 Kc7 41. g4 f6 42. a3 a5 43. c3 Rh3+ 44. Ke4 Kd6 45. b4 Rg3 46. bxa5 Rxg4+
47. Kf3 Rg7 48. Kf4 Ra7 1/2-1/2

[Event "Gibtelecom ChallWk2 6th"]
[Site "Gibraltar"]
[Date "2008.01.28"]
[Round "2.19"]
[White "Vinas Guerrero, Carlos A"]
[Black "Helin, Mikael"]
[Result "0-1"]
[WhiteElo "2129"]
[BlackElo "1935"]
[PlyCount "90"]
[EventDate "2008.01.27"]
[EventType "swiss"]
[EventRounds "5"]
[EventCountry "GGB"]
[SourceTitle "BritBase"]
[Source "www.saund.co.uk"]
[SourceDate "2018.02.10"]
[SourceVersion "1"]
[SourceVersionDate "2018.02.10"]
[SourceQuality "1"]

1. Nf3 c5 2. c4 Nc6 3. g3 e5 4. Nc3 d6 5. Bg2 h6 6. O-O g5 7. e3 Bg7 8. Ne1 Be6
9. d3 Qd7 10. Nd5 Nge7 11. a3 Ng6 12. Rb1 f5 13. b4 Rb8 14. Qa4 O-O 15. bxc5
dxc5 16. Qb5 f4 17. Be4 Bf5 18. Bg2 Bxd3 19. Nxd3 f3 20. Nxc5 Qe8 21. Bh3 Nf4
22. exf4 Qh5 23. Be6+ Kh8 24. h3 gxf4 25. Kh2 Qg6 26. Bg4 h5 27. Bxf4 hxg4 28.
Be3 Rf5 29. Rh1 Rh5 30. Kg1 Bh6 31. h4 Bxe3 32. Nxe3 Nd4 33. Qb2 b6 34. Rd1 Rd8
35. Nb3 Ne2+ 36. Kf1 Rxd1+ 37. Nxd1 Qd3 38. Ke1 Nd4 39. Nxd4 exd4 40. Qd2 Re5+
41. Ne3 Qb1+ 42. Qd1 Qxd1+ 43. Kxd1 dxe3 44. fxe3 Rxe3 45. Re1 Rd3+ {time} 0-1

[Event "Gibtelecom ChallWk2 6th"]
[Site "Gibraltar"]
[Date "2008.01.28"]
[Round "2.20"]
[White "Hansen, Pal Andreas"]
[Black "Skage, Oystein Aagedal"]
[Result "1-0"]
[WhiteElo "2108"]
[BlackElo "1919"]
[PlyCount "81"]
[EventDate "2008.01.27"]
[EventType "swiss"]
[EventRounds "5"]
[EventCountry "GGB"]
[SourceTitle "BritBase"]
[Source "www.saund.co.uk"]
[SourceDate "2018.02.10"]
[SourceVersion "1"]
[SourceVersionDate "2018.02.10"]
[SourceQuality "1"]

1. e4 c5 2. Nf3 Nc6 3. d4 cxd4 4. Nxd4 g6 5. Nc3 Bg7 6. Be3 Nf6 7. Bc4 O-O 8.
Bb3 a5 9. a4 Ng4 10. Qxg4 Nxd4 11. O-O Nxb3 12. cxb3 d5 13. Qf3 d4 14. Rad1 e5
15. Nb5 Qh4 16. g3 Qh3 17. Bg5 Bg4 18. Qd3 Bxd1 19. Rxd1 Qd7 20. Rc1 Rfc8 21.
Rc4 Rxc4 22. bxc4 h6 23. Bd2 f5 24. b3 Rf8 25. Bxa5 f4 26. Bb4 Rf6 27. c5 Qg4
28. Kg2 fxg3 29. hxg3 h5 30. f3 Qg5 31. Bd2 Rf4 32. Kf2 h4 33. gxf4 Qg3+ 34.
Kf1 Qh2 35. Qe2 Qh1+ 36. Kf2 h3 37. Kg3 Bf6 38. Qh2 Bh4+ 39. Kxh3 Qxf3+ 40.
Kxh4 exf4 41. Qxf4 1-0

[Event "Gibtelecom ChallWk2 6th"]
[Site "Gibraltar"]
[Date "2008.01.28"]
[Round "2.21"]
[White "Hickman, John E"]
[Black "Tofte, Sondre Waage"]
[Result "1/2-1/2"]
[WhiteElo "2009"]
[BlackElo "2108"]
[PlyCount "112"]
[EventDate "2008.01.27"]
[EventType "swiss"]
[EventRounds "5"]
[EventCountry "GGB"]
[SourceTitle "BritBase"]
[Source "www.saund.co.uk"]
[SourceDate "2018.02.10"]
[SourceVersion "1"]
[SourceVersionDate "2018.02.10"]
[SourceQuality "1"]

1. Nf3 Nf6 2. g3 d5 3. Bg2 c5 4. O-O Nc6 5. d3 e5 6. Nbd2 Be7 7. e4 Bg4 8. h3
Bh5 9. c3 O-O 10. Qc2 Qd7 11. exd5 Nxd5 12. Re1 f6 13. Nb3 Rad8 14. d4 cxd4 15.
cxd4 Bxf3 16. Bxf3 Qxh3 17. Qc4 Qe6 18. Bd2 Qf7 19. Ba5 Nxa5 20. Nxa5 Nb4 21.
d5 Rc8 22. Qb5 Kh8 23. Nxb7 Nc2 24. d6 Nxe1 25. Rxe1 Bd8 26. Bd5 Qg6 27. Qd7
Bb6 28. Kg2 Rc2 29. Rf1 Rxb2 30. Qe7 Qe8 31. Qxe8 Rxe8 32. d7 Rb8 33. Rc1 Rxf2+
34. Kh3 h5 35. Rc8+ Kh7 36. Rxb8 g5 37. Bg2 g4+ 38. Kh2 Rd2 39. d8=Q Bxd8 40.
Rxd8 Rxa2 41. Nc5 a5 42. Ne4 f5 43. Rd2 Ra1 44. Nc3 Kg6 45. Ra2 Rxa2 46. Nxa2
f4 47. Be4+ Kg5 48. gxf4+ exf4 49. Bc6 h4 50. Nc1 f3 51. Kg1 Kf4 52. Nb3 g3 53.
Nxa5 h3 54. Nc4 g2 55. Nd2 Kg3 56. Ne4+ Kf4 1/2-1/2

[Event "Gibtelecom ChallWk2 6th"]
[Site "Gibraltar"]
[Date "2008.01.28"]
[Round "2.22"]
[White "Reppen, Sigmund"]
[Black "Munz, Jostein"]
[Result "1-0"]
[WhiteElo "2061"]
[BlackElo "1861"]
[PlyCount "115"]
[EventDate "2008.01.27"]
[EventType "swiss"]
[EventRounds "5"]
[EventCountry "GGB"]
[SourceTitle "BritBase"]
[Source "www.saund.co.uk"]
[SourceDate "2018.02.10"]
[SourceVersion "1"]
[SourceVersionDate "2018.02.10"]
[SourceQuality "1"]

1. e4 Nf6 2. e5 Nd5 3. d4 d6 4. c4 Nb6 5. exd6 cxd6 6. Nc3 g6 7. Be3 Bg7 8. Rc1
Nc6 9. b3 O-O 10. Nf3 Bg4 11. Be2 e5 12. dxe5 dxe5 13. O-O Re8 14. c5 Nc8 15.
Ne4 f5 16. Bc4+ Kh8 17. Neg5 Qxd1 18. Nf7+ Kg8 19. Rfxd1 Kf8 20. N7g5 f4 21.
Nxh7+ Ke7 22. Bd2 Bxf3 23. gxf3 Bh6 24. h4 Rh8 25. Ng5 Bxg5 26. hxg5 Rh5 27.
Bc3 Rxg5+ 28. Kf1 Kf8 29. b4 N8e7 30. b5 Nd4 31. Bxd4 exd4 32. Rxd4 Rxc5 33.
Rxf4+ Nf5 34. Rb1 Rac8 35. Bd3 Kg7 36. Ra4 Rc1+ 37. Rxc1 Rxc1+ 38. Kg2 a6 39.
bxa6 bxa6 40. Bxf5 gxf5 41. Rxa6 Rc4 42. a4 Rb4 43. Kg3 Rc4 44. a5 Rb4 45. Rb6
Ra4 46. a6 Kf7 47. Rb7+ Kf6 48. a7 Kg5 49. f4+ Kg6 50. Kf3 Kf6 51. Ke3 Ke6 52.
Kd3 Kd6 53. Kc3 Kc6 54. Rf7 Ra1 55. Kd4 Kd6 56. Rf6+ Ke7 57. Rh6 Ra5 58. Rh8
1-0

[Event "Gibtelecom ChallWk2 6th"]
[Site "Gibraltar"]
[Date "2008.01.28"]
[Round "2.23"]
[White "Pettersson, Anders"]
[Black "Foisor, Veronica"]
[Result "0-1"]
[WhiteElo "1984"]
[BlackElo "2043"]
[PlyCount "94"]
[EventDate "2008.01.27"]
[EventType "swiss"]
[EventRounds "5"]
[EventCountry "GGB"]
[SourceTitle "BritBase"]
[Source "www.saund.co.uk"]
[SourceDate "2018.02.10"]
[SourceVersion "1"]
[SourceVersionDate "2018.02.10"]
[SourceQuality "1"]

1. d4 e6 2. c4 f5 3. g3 Nf6 4. Bg2 d5 5. Nh3 c6 6. O-O Bd6 7. Bf4 O-O 8. Nd2 b6
9. Qc2 Bb7 10. Nf3 Qe7 11. Bxd6 Qxd6 12. Nf4 Nbd7 13. Nd3 Rac8 14. c5 bxc5 15.
dxc5 Qc7 16. Nd4 Rfe8 17. f4 g6 18. e3 Ba6 19. Rfe1 Bxd3 20. Qxd3 Nxc5 21. Qa3
Nce4 22. Bf1 Qb6 23. Rac1 c5 24. Nf3 Re7 25. b3 Rd8 26. Ne5 a5 27. Rc2 Qb4 28.
Qc1 Rc8 29. Ba6 Ra8 30. Bd3 a4 31. a3 Qxb3 32. Rb2 Qc3 33. Qb1 c4 34. Rb8+ Re8
35. Rxe8+ Rxe8 36. Bxe4 Nxe4 37. Re2 Qb3 38. Rb2 Qxe3+ 39. Kg2 Rf8 40. Rb8 Qe2+
41. Kg1 Qf2+ 42. Kh1 Qa7 43. Rb7 Qf2 44. Qa1 c3 45. Qb1 c2 46. Qa1 d4 47. Qc1
Qe2 0-1

[Event "Gibtelecom ChallWk2 6th"]
[Site "Gibraltar"]
[Date "2008.01.28"]
[Round "2.24"]
[White "Reichard, Sigge"]
[Black "Jameson, David"]
[Result "0-1"]
[WhiteElo "1967"]
[BlackElo "2033"]
[PlyCount "54"]
[EventDate "2008.01.27"]
[EventType "swiss"]
[EventRounds "5"]
[EventCountry "GGB"]
[SourceTitle "BritBase"]
[Source "www.saund.co.uk"]
[SourceDate "2018.02.10"]
[SourceVersion "1"]
[SourceVersionDate "2018.02.10"]
[SourceQuality "1"]

1. e4 c6 2. d4 d5 3. exd5 cxd5 4. c4 Nf6 5. Nc3 e6 6. Bd3 Bb4 7. a3 dxc4 8.
Bxc4 Ba5 9. Nf3 O-O 10. O-O Nbd7 11. Bg5 a6 12. b4 Bc7 13. a4 b6 14. d5 Ne5 15.
Nxe5 Bxe5 16. Qf3 Bb7 17. Rfe1 Qc7 18. Rac1 Bxh2+ 19. Kh1 Qxc4 20. Bxf6 Qf4 21.
Qh3 Qxf6 22. Kxh2 exd5 23. Qd7 Bc6 24. Qc7 d4 25. Ne2 Rac8 26. Qxb6 d3 27. Nd4
d2 0-1

[Event "Gibtelecom ChallWk2 6th"]
[Site "Gibraltar"]
[Date "2008.01.28"]
[Round "2.25"]
[White "Husin, Axel"]
[Black "Gandrud, Vegar Koi"]
[Result "1/2-1/2"]
[WhiteElo "2012"]
[BlackElo "1819"]
[PlyCount "64"]
[EventDate "2008.01.27"]
[EventType "swiss"]
[EventRounds "5"]
[EventCountry "GGB"]
[SourceTitle "BritBase"]
[Source "www.saund.co.uk"]
[SourceDate "2018.02.10"]
[SourceVersion "1"]
[SourceVersionDate "2018.02.10"]
[SourceQuality "1"]

1. e4 c5 2. d4 cxd4 3. Nf3 e6 4. Nxd4 a6 5. Nc3 d6 6. Be3 Nf6 7. Be2 Be7 8. Qd2
Qc7 9. g4 b5 10. g5 Nfd7 11. Bd3 Bb7 12. O-O-O Nc5 13. f3 Nbd7 14. h4 b4 15.
Nce2 d5 16. exd5 Bxd5 17. Kb1 Ne5 18. Rdf1 Qb7 19. Rh3 b3 20. axb3 Nexd3 21.
cxd3 Nxb3 22. Nxb3 Qxb3 23. Nc3 Bb4 24. Qc2 Rc8 25. Qxb3 Bxb3 26. Rc1 O-O 27.
Rhh1 Rfd8 28. d4 Kf8 29. Ne4 Bd5 30. Rxc8 Rxc8 31. Rc1 Rxc1+ 32. Kxc1 Ke7
1/2-1/2

[Event "Gibtelecom ChallWk2 6th"]
[Site "Gibraltar"]
[Date "2008.01.28"]
[Round "2.26"]
[White "Gasik, Jadwiga"]
[Black "Revesz, Kinga"]
[Result "1/2-1/2"]
[WhiteElo "2032"]
[BlackElo "2026"]
[PlyCount "67"]
[EventDate "2008.01.27"]
[EventType "swiss"]
[EventRounds "5"]
[EventCountry "GGB"]
[SourceTitle "BritBase"]
[Source "www.saund.co.uk"]
[SourceDate "2018.02.10"]
[SourceVersion "1"]
[SourceVersionDate "2018.02.10"]
[SourceQuality "1"]

1. e4 c5 2. c3 Nf6 3. e5 Nd5 4. d4 cxd4 5. cxd4 e6 6. Nf3 Nc6 7. Nc3 Bb4 8. Bd2
d6 9. Bb5 O-O 10. O-O Nce7 11. a3 Bxc3 12. bxc3 dxe5 13. Nxe5 f6 14. Nf3 a6 15.
Bd3 Ng6 16. Re1 Ndf4 17. Bc2 b5 18. Nh4 Nxh4 19. Bxf4 g5 20. Bg3 Nf5 21. Qh5
Ra7 22. Rad1 Nxg3 23. hxg3 Re7 24. Re3 Qe8 25. Qg4 Kh8 26. Rde1 Rc7 27. Qe4 f5
28. Qe5+ Rg7 29. Bxf5 Qf7 30. Bxe6 Qxf2+ 31. Kh2 Bxe6 32. Qxe6 Rg6 33. Qh3 Rf7
34. Re6 1/2-1/2

[Event "Gibtelecom ChallWk2 6th"]
[Site "Gibraltar"]
[Date "2008.01.28"]
[Round "2.27"]
[White "Morris-Hill, Ray"]
[Black "Campeanu, Alin-Vivian"]
[Result "1-0"]
[WhiteElo "2129"]
[BlackElo "1912"]
[PlyCount "59"]
[EventDate "2008.01.27"]
[EventType "swiss"]
[EventRounds "5"]
[EventCountry "GGB"]
[SourceTitle "BritBase"]
[Source "www.saund.co.uk"]
[SourceDate "2018.02.10"]
[SourceVersion "1"]
[SourceVersionDate "2018.02.10"]
[SourceQuality "1"]

1. d4 Nf6 2. Nf3 d5 3. e3 e6 4. Bd3 c5 5. b3 Nc6 6. O-O Bd6 7. Bb2 O-O 8. Nbd2
Qe7 9. Ne5 cxd4 10. exd4 Ba3 11. Bxa3 Qxa3 12. c3 Nxe5 13. dxe5 Nd7 14. Re1 Nc5
15. Bc2 f6 16. exf6 Rxf6 17. Nf3 b6 18. Qd2 h6 19. Re3 Nd7 20. Rae1 Kf7 21. Bb1
Qe7 22. Qxd5 Rb8 23. Qh5+ Kg8 24. Nd4 Bb7 25. Nxe6 Qd6 26. Nd4 Rbf8 27. f3 Bd5
28. Nf5 Bf7 29. Qg4 Rg6 30. Nxd6 1-0

[Event "Gibtelecom ChallWk2 6th"]
[Site "Gibraltar"]
[Date "2008.01.28"]
[Round "2.28"]
[White "Gasik, Piotr"]
[Black "Georgieva, Emilia"]
[Result "1/2-1/2"]
[WhiteElo "2103"]
[BlackElo "1985"]
[PlyCount "84"]
[EventDate "2008.01.27"]
[EventType "swiss"]
[EventRounds "5"]
[EventCountry "GGB"]
[SourceTitle "BritBase"]
[Source "www.saund.co.uk"]
[SourceDate "2018.02.10"]
[SourceVersion "1"]
[SourceVersionDate "2018.02.10"]
[SourceQuality "1"]

1. c4 c6 2. e4 d5 3. exd5 cxd5 4. d4 e5 5. dxe5 d4 6. Nf3 Nc6 7. Bd3 Nxe5 8.
Qe2 f6 9. O-O Bg4 10. Qe4 Bxf3 11. gxf3 Be7 12. Rd1 Qd7 13. Bf4 Nc6 14. Na3
O-O-O 15. Nb5 g5 16. Bg3 Nh6 17. Rac1 f5 18. Nxa7+ Nxa7 19. Qe5 Nc6 20. Qg7 f4
21. Qxh6 fxg3 22. hxg3 Qd6 23. Qh5 Qf6 24. Kg2 h6 25. Be4 Ne5 26. c5 Qa6 27. b4
d3 28. b5 Qxb5 29. Rb1 Qa4 30. Bxb7+ Kc7 31. f4 Nc6 32. Qf7 Qe4+ 33. Kg1 Qd5
34. Qg7 Rhg8 35. Qxh6 Rh8 36. Bxc6 Rxh6 37. Bxd5 Rxd5 38. Rb3 d2 39. Rb2 gxf4
40. gxf4 Rf6 41. Rbxd2 Rxd2 42. Rxd2 Rxf4 1/2-1/2

[Event "Gibtelecom ChallWk2 6th"]
[Site "Gibraltar"]
[Date "2008.01.28"]
[Round "2.29"]
[White "Blom, Martijn"]
[Black "Schmidt, Jens Uwe"]
[Result "0-1"]
[WhiteElo "1946"]
[BlackElo "2092"]
[PlyCount "71"]
[EventDate "2008.01.27"]
[EventType "swiss"]
[EventRounds "5"]
[EventCountry "GGB"]
[SourceTitle "BritBase"]
[Source "www.saund.co.uk"]
[SourceDate "2018.02.10"]
[SourceVersion "1"]
[SourceVersionDate "2018.02.10"]
[SourceQuality "1"]

1. Nf3 d5 2. g3 c6 3. Bg2 e6 4. O-O Bd6 5. d4 f5 6. c4 Nf6 7. Nc3 O-O 8. Ne5
Nbd7 9. f4 Qe7 10. cxd5 exd5 11. Qb3 Kh8 12. Bd2 Rb8 13. Rac1 Rg8 14. Qa4 a6
15. Qc2 Nf8 16. Na4 Ne6 17. e3 g5 18. Nb6 gxf4 19. Nxc8 Rbxc8 20. Qxf5 Rcf8 21.
Qd3 fxg3 22. h3 Ng5 23. Rf5 Nfe4 24. Rcf1 Nf2 25. Rxf8 Qxf8 26. Qe2 Qh6 27. Rc1
Rf8 28. e4 Ngxh3+ 29. Kf1 Nxe4+ 30. Ke1 Nxd2 31. Qxd2 Nf4 32. Rc2 Qh2 33. Bf1
Qh1 34. Rc1 g2 35. Qf2 Bxe5 36. Kd2 0-1

[Event "Gibtelecom ChallWk2 6th"]
[Site "Gibraltar"]
[Date "2008.01.28"]
[Round "2.30"]
[White "Dasaolu, Adeoye"]
[Black "Yarur Elsaca, Daniel"]
[Result "1-0"]
[WhiteElo "2064"]
[BlackElo "1846"]
[PlyCount "77"]
[EventDate "2008.01.27"]
[EventType "swiss"]
[EventRounds "5"]
[EventCountry "GGB"]
[SourceTitle "BritBase"]
[Source "www.saund.co.uk"]
[SourceDate "2018.02.10"]
[SourceVersion "1"]
[SourceVersionDate "2018.02.10"]
[SourceQuality "1"]

1. Nf3 Nf6 2. d4 g6 3. Bg5 Bg7 4. Nbd2 O-O 5. e3 d6 6. h3 Nc6 7. c4 Bf5 8. Rc1
h6 9. Bh4 Nb4 10. Qb3 c5 11. a3 Nc6 12. g4 Bc8 13. Bg2 e5 14. dxc5 g5 15. Bg3
e4 16. Nh2 dxc5 17. Nxe4 Nxe4 18. Bxe4 Qa5+ 19. Kf1 Be6 20. Kg2 f5 21. gxf5
Bxf5 22. Bxf5 Rxf5 23. Qxb7 Raf8 24. Qxc6 Qd2 25. Rhf1 Be5 26. Qg6+ Bg7 27. Ng4
Kh8 28. Rcd1 Qe2 29. Rd7 Qf3+ 30. Kh2 R5f7 31. Rfd1 h5 32. Qxh5+ Kg8 33. Qxg5
Kh8 34. Qh5+ Kg8 35. Rxf7 Rxf7 36. Rd8+ Rf8 37. Qd5+ Qxd5 38. Rxd5 Bxb2 39.
Rxc5 1-0

[Event "Gibtelecom ChallWk2 6th"]
[Site "Gibraltar"]
[Date "2008.01.28"]
[Round "2.31"]
[White "Arvola, Benjamin"]
[Black "Edvardsen, Ingar"]
[Result "1-0"]
[WhiteElo "2062"]
[BlackElo "1972"]
[PlyCount "121"]
[EventDate "2008.01.27"]
[EventType "swiss"]
[EventRounds "5"]
[EventCountry "GGB"]
[SourceTitle "BritBase"]
[Source "www.saund.co.uk"]
[SourceDate "2018.02.10"]
[SourceVersion "1"]
[SourceVersionDate "2018.02.10"]
[SourceQuality "1"]

1. Nf3 f5 2. g3 Nf6 3. Bg2 g6 4. O-O Bg7 5. c4 O-O 6. Nc3 d6 7. d4 Qe8 8. d5 c5
9. Ng5 h6 10. Ne6 Bxe6 11. dxe6 Nc6 12. Nd5 Rb8 13. Rb1 Nd4 14. Nf4 g5 15. e3
Nc6 16. Nd5 Nd8 17. Qc2 Ng4 18. h3 Ne5 19. f4 Nec6 20. fxg5 Qg6 21. g4 Qxg5 22.
Rxf5 Rxf5 23. Qxf5 Qh4 24. Bd2 Ne5 25. Be1 Qg5 26. Qxg5 hxg5 27. Nxe7+ Kf8 28.
Nf5 Nxe6 29. Nxg7 Kxg7 30. Bc3 Kf7 31. b3 Ke7 32. Rf1 b6 33. Rf5 Nd7 34. Bc6
Rf8 35. Rxf8 Ndxf8 36. Be4 Nd7 37. Bf5 Nef8 38. Kg2 Ne5 39. Kg3 a6 40. a4 Nfg6
41. a5 bxa5 42. Bxa5 Nc6 43. Bc3 Nh4 44. Be4 Nb4 45. Kf2 Ke6 46. Ke2 Na2 47.
Be1 Nc1+ 48. Kd1 Na2 49. Bd5+ Kf6 50. Bb7 Nb4 51. Bc3+ Ke6 52. Bc8+ Ke7 53.
Bxb4 cxb4 54. Bxa6 Ke6 55. Ke2 Ng6 56. Bc8+ Ke7 57. Kf3 Ne5+ 58. Ke4 Kd8 59.
Bf5 Ke7 60. Kd5 Nf3 61. c5 1-0

[Event "Gibtelecom ChallWk2 6th"]
[Site "Gibraltar"]
[Date "2008.01.28"]
[Round "2.32"]
[White "Reppen, Ellisiv"]
[Black "Lovik, Lasse Ostebo"]
[Result "0-1"]
[WhiteElo "1918"]
[BlackElo "2052"]
[PlyCount "62"]
[EventDate "2008.01.27"]
[EventType "swiss"]
[EventRounds "5"]
[EventCountry "GGB"]
[SourceTitle "BritBase"]
[Source "www.saund.co.uk"]
[SourceDate "2018.02.10"]
[SourceVersion "1"]
[SourceVersionDate "2018.02.10"]
[SourceQuality "1"]

1. e4 e6 2. d4 d5 3. exd5 exd5 4. Nf3 Bd6 5. Nc3 c6 6. Be3 Ne7 7. Qd2 Qc7 8.
O-O-O Bf5 9. Bd3 Nd7 10. h3 Nb6 11. g4 Bxd3 12. Qxd3 O-O-O 13. Nd2 Kb8 14. Rhf1
f5 15. f4 Rhf8 16. Ne2 Qd7 17. g5 Qe6 18. Rde1 Nc4 19. Bg1 Ng6 20. Nxc4 dxc4
21. Qc3 Qd7 22. Kb1 Rde8 23. Qg3 Qf7 24. d5 cxd5 25. Qf2 b6 26. Nd4 Bxf4 27.
Nc6+ Ka8 28. Qd4 Re4 29. Rxe4 fxe4 30. Bh2 Qd7 31. Bxf4 Qxc6 0-1

[Event "Gibtelecom ChallWk2 6th"]
[Site "Gibraltar"]
[Date "2008.01.28"]
[Round "2.33"]
[White "Bryn, Askild"]
[Black "Hagen, Anders Gjerdrum"]
[Result "0-1"]
[WhiteElo "1997"]
[BlackElo "2049"]
[PlyCount "56"]
[EventDate "2008.01.27"]
[EventType "swiss"]
[EventRounds "5"]
[EventCountry "GGB"]
[SourceTitle "BritBase"]
[Source "www.saund.co.uk"]
[SourceDate "2018.02.10"]
[SourceVersion "1"]
[SourceVersionDate "2018.02.10"]
[SourceQuality "1"]

1. c4 Nf6 2. g3 e6 3. Bg2 d5 4. d4 Be7 5. Nf3 O-O 6. b3 c6 7. O-O Ne4 8. Bb2 f5
9. Nbd2 Nd7 10. e3 b6 11. Ne5 Bb7 12. Ndf3 Ndf6 13. Rc1 Bd6 14. cxd5 cxd5 15.
Qd3 Qe7 16. Nd2 a5 17. Nxe4 fxe4 18. Qd1 Ba6 19. Re1 Rac8 20. Bf1 Bxf1 21. Rxf1
Bxe5 22. dxe5 Nd7 23. Qe2 Qf7 24. Qb5 Rxc1 25. Bxc1 Nxe5 26. Ba3 Nf3+ 27. Kg2
Ne1+ 28. Kg1 Qf3 0-1

[Event "Gibtelecom ChallWk2 6th"]
[Site "Gibraltar"]
[Date "2008.01.28"]
[Round "2.34"]
[White "Haugstad, Espen"]
[Black "Manetto, Luis"]
[Result "1-0"]
[WhiteElo "2042"]
[BlackElo "1592"]
[PlyCount "69"]
[EventDate "2008.01.27"]
[EventType "swiss"]
[EventRounds "5"]
[EventCountry "GGB"]
[SourceTitle "BritBase"]
[Source "www.saund.co.uk"]
[SourceDate "2018.02.10"]
[SourceVersion "1"]
[SourceVersionDate "2018.02.10"]
[SourceQuality "1"]

1. e4 c5 2. Nf3 d6 3. d4 cxd4 4. Nxd4 Nf6 5. Nc3 a6 6. Bg5 e6 7. f4 Be7 8. Qf3
h6 9. Bh4 O-O 10. O-O-O Qc7 11. Rg1 Nc6 12. Nxc6 bxc6 13. g4 Nh7 14. Bxe7 Qxe7
15. g5 hxg5 16. fxg5 g6 17. e5 d5 18. h4 Rb8 19. Rd4 Rb4 20. Rxb4 Qxb4 21. Rg4
Qe7 22. Bd3 c5 23. b3 Bb7 24. Qh3 c4 25. bxc4 dxc4 26. Rxc4 Qa3+ 27. Kd2 Rd8
28. h5 Nxg5 29. Qg3 Nf3+ 30. Ke2 Qc1 31. Ne4 Bxe4 32. Rxe4 Qd2+ 33. Kxf3 Qd1+
34. Ke3 Qxh5 35. Qh4 1-0

[Event "Gibtelecom ChallWk2 6th"]
[Site "Gibraltar"]
[Date "2008.01.28"]
[Round "2.35"]
[White "Hassall, Mark Ian"]
[Black "Wynarczyk, Raymond"]
[Result "1/2-1/2"]
[WhiteElo "1896"]
[BlackElo "2039"]
[PlyCount "75"]
[EventDate "2008.01.27"]
[EventType "swiss"]
[EventRounds "5"]
[EventCountry "GGB"]
[SourceTitle "BritBase"]
[Source "www.saund.co.uk"]
[SourceDate "2018.02.10"]
[SourceVersion "1"]
[SourceVersionDate "2018.02.10"]
[SourceQuality "1"]

1. e4 c5 2. Nf3 Nf6 3. Nc3 e6 4. d4 cxd4 5. Nxd4 d6 6. g4 Nc6 7. g5 Nd7 8. h4
Be7 9. Be3 Nb6 10. Qd2 Ne5 11. O-O-O Nbc4 12. Qe1 Nxe3 13. Qxe3 a6 14. f4 Nc6
15. Nf3 Qa5 16. Bh3 b5 17. Kb1 O-O 18. h5 Bd7 19. Rhg1 Rac8 20. Nd5 exd5 21.
Bxd7 Nb4 22. Qa3 Qxa3 23. bxa3 Rc7 24. axb4 dxe4 25. Bxb5 axb5 26. Nd4 Rc4 27.
a3 Rb8 28. Rge1 d5 29. Nf5 Bf8 30. Rxd5 g6 31. hxg6 hxg6 32. Ng3 e3 33. Rxe3
Rxf4 34. Red3 Bg7 35. c3 f5 36. gxf6 Bxf6 37. Kb2 Bh4 38. Kb3 1/2-1/2

[Event "Gibtelecom ChallWk2 6th"]
[Site "Gibraltar"]
[Date "2008.01.29"]
[Round "3.1"]
[White "Severijnen, Arjon"]
[Black "Kozlov, Oleg"]
[Result "0-1"]
[WhiteElo "2158"]
[BlackElo "2144"]
[PlyCount "84"]
[EventDate "2008.01.27"]
[EventType "swiss"]
[EventRounds "5"]
[EventCountry "GGB"]
[SourceTitle "BritBase"]
[Source "www.saund.co.uk"]
[SourceDate "2018.02.10"]
[SourceVersion "1"]
[SourceVersionDate "2018.02.10"]
[SourceQuality "1"]

1. e4 c5 2. Nf3 e6 3. d4 cxd4 4. Nxd4 a6 5. Nc3 b5 6. Bd3 Qb6 7. Nf3 Nc6 8. O-O
Bb7 9. Re1 Nf6 10. h3 Bc5 11. Qe2 d6 12. Be3 Nd7 13. Nd2 Bxe3 14. Qxe3 Qxe3 15.
Rxe3 Nb6 16. a4 b4 17. Ne2 a5 18. Bb5 Ke7 19. c4 e5 20. Nb3 Nd8 21. f4 f6 22.
Rc1 Ne6 23. f5 Nc5 24. Nxc5 dxc5 25. Kf2 Rad8 26. Ke1 Nc8 27. g4 h5 28. g5 fxg5
29. Rg3 Kf6 30. h4 g4 31. Re3 Ne7 32. Rd1 Rxd1+ 33. Kxd1 Rd8+ 34. Ke1 g5 35.
fxg6 Nxg6 36. Ng3 Nxh4 37. Re2 Kg5 38. Rf2 Nf3+ 39. Kf1 h4 40. Nh1 Rd1+ 41. Ke2
Re1+ 42. Kd3 Bxe4# 0-1